[Event "MCRDMZ 2018"]
[Site "Varnsdorf"]
[Date "2018.06.17"]
[Round "5.5"]
[White "Trasakova Adela (Polabiny A)"]
[Black "Farkova Katerina (BSS F-M A)"]
[Result "1-0"]
[BlackElo "1554"]
[WhiteElo "1611"]
[LiveChessVersion "1.4.8"]

1. d4 {[%clk 0:25:17]} d5 {[%clk 0:25:19]} 2. Bf4 {[%clk 0:25:24]} Nc6
{[%clk 0:25:28]} 3. e3 {[%clk 0:25:29]} Nf6 {[%clk 0:25:30]} 4. c3
{[%clk 0:25:34]} e6 {[%clk 0:24:32]} 5. Nf3 {[%clk 0:25:32]} Be7 {[%clk 0:24:17]}
6. h3 {[%clk 0:25:18]} a6 {[%clk 0:24:15]} 7. Bd3 {[%clk 0:25:18]} Bd7
{[%clk 0:23:50]} 8. Nbd2 {[%clk 0:25:13]} Bd6 {[%clk 0:23:14]} 9. O-O
{[%clk 0:24:33]} O-O {[%clk 0:22:53]} 10. Ne5 {[%clk 0:24:10]} Ne7
{[%clk 0:22:30]} 11. e4 {[%clk 0:22:11]} Bc8 {[%clk 0:17:45]} 12. Re1
{[%clk 0:20:03]} Re8 {[%clk 0:15:40]} 13. c4 {[%clk 0:17:52]} c6 {[%clk 0:15:24]}
14. Rc1 {[%clk 0:16:41]} h6 {[%clk 0:13:34]} 15. Qf3 {[%clk 0:15:37]} Rf8
{[%clk 0:12:38]} 16. exd5 {[%clk 0:12:22]} cxd5 {[%clk 0:12:29]} 17. Bxh6
{[%clk 0:11:32]} gxh6 {[%clk 0:11:10]} 18. Qxf6 {[%clk 0:11:15]} Bxe5
{[%clk 0:10:32]} 19. Rxe5 {[%clk 0:09:53]} Ng6 {[%clk 0:10:07]} 20. Qxd8
{[%clk 0:08:55]} Rxd8 {[%clk 0:10:05]} 21. Bxg6 {[%clk 0:07:28]} fxg6
{[%clk 0:10:13]} 22. cxd5 {[%clk 0:06:41]} exd5 {[%clk 0:10:04]} 23. Rc5
{[%clk 0:06:38]} Bf5 {[%clk 0:08:47]} 24. Rcxd5 {[%clk 0:05:46]} Rdc8
{[%clk 0:08:40]} 25. Rc5 {[%clk 0:05:49]} Rd8 {[%clk 0:08:42]} 26. Nf3
{[%clk 0:05:40]} Rd7 {[%clk 0:08:06]} 27. d5 {[%clk 0:05:16]} Rad8
{[%clk 0:08:03]} 28. Nd4 {[%clk 0:05:15]} Bb1 {[%clk 0:07:50]} 29. Ne6
{[%clk 0:04:40]} Re8 {[%clk 0:07:33]} 30. f4 {[%clk 0:03:35]} Bxa2
{[%clk 0:07:33]} 31. Nc7 {[%clk 0:02:31]} Rf8 {[%clk 0:06:31]} 32. g3
{[%clk 0:02:07]} Rfd8 {[%clk 0:06:15]} 33. Kf2 {[%clk 0:01:53]} Kf7
{[%clk 0:06:14]} 34. Ke3 {[%clk 0:01:54]} Kf6 {[%clk 0:05:24]} 35. Kd4
{[%clk 0:01:31]} Bb3 {[%clk 0:04:31]} 36. Kc3 {[%clk 0:01:22]} Bd1
{[%clk 0:03:58]} 37. Kd2 {[%clk 0:01:24]} Bf3 {[%clk 0:04:04]} 38. Ke3
{[%clk 0:01:15]} Bg2 {[%clk 0:03:58]} 39. h4 {[%clk 0:00:39]} h5 {[%clk 0:04:01]}
40. Kf2 {[%clk 0:00:45]} Bh1 {[%clk 0:03:39]} 41. Kg1 {[%clk 0:00:52]} Bf3
{[%clk 0:03:46]} 42. Kf2 {[%clk 0:01:01]} Bg4 {[%clk 0:03:25]} 43. Ke3
{[%clk 0:01:07]} Bf5 {[%clk 0:03:29]} 44. Kf2 {[%clk 0:01:10]} Bg4
{[%clk 0:03:38]} 45. Ke1 {[%clk 0:01:19]} Bf3 {[%clk 0:03:30]} 46. Kd2
{[%clk 0:01:27]} Bg4 {[%clk 0:02:58]} 47. Kc3 {[%clk 0:01:35]} Bf3
{[%clk 0:02:46]} 48. Kb4 {[%clk 0:01:43]} Bg4 {[%clk 0:02:28]} 49. Ka5
{[%clk 0:01:52]} Rb8 {[%clk 0:02:28]} 50. Kb6 {[%clk 0:01:56]} Rdd8
{[%clk 0:01:46]} 51. Ka7 {[%clk 0:01:44]} Bf5 {[%clk 0:01:34]} 52. Kb6
{[%clk 0:01:21]} Bg4 {[%clk 0:01:41]} 53. Ne6 {[%clk 0:01:11]} Re8
{[%clk 0:00:59]} 54. Rc7 {[%clk 0:00:39]} Bxe6 {[%clk 0:00:48]} 55. Rxe6+
{[%clk 0:00:37]} Rxe6+ {[%clk 0:00:52]} 56. dxe6 {[%clk 0:00:43]} Kxe6
{[%clk 0:01:01]} 57. Rxb7 {[%clk 0:00:24]} Rxb7+ 58. Kxb7 {[%clk 0:00:31]} a5
{[%clk 0:00:56]} 59. Ka6 {[%clk 0:00:39]} a4 {[%clk 0:01:05]} 60. Ka5
{[%clk 0:00:48]} a3 {[%clk 0:01:05]} 61. bxa3 {[%clk 0:00:53]} Kd6
{[%clk 0:01:14]} 62. Kb5 {[%clk 0:00:59]} Kc7 {[%clk 0:01:23]} 63. a4
{[%clk 0:01:08]} Kb7 {[%clk 0:01:32]} 64. Kc5 {[%clk 0:01:16]} Ka6
{[%clk 0:01:40]} 65. Kd5 {[%clk 0:01:23]} Ka5 {[%clk 0:01:50]} 66. Ke5
{[%clk 0:01:32]} Kxa4 {[%clk 0:01:58]} 67. Kf6 {[%clk 0:01:42]} Kb5
{[%clk 0:02:07]} 68. Kxg6 {[%clk 0:01:50]} Kc5 {[%clk 0:02:16]} 69. f5
{[%clk 0:02:00]} Kd6 {[%clk 0:02:25]} 70. f6 {[%clk 0:02:09]} Ke5
{[%clk 0:02:32]} 71. f7 {[%clk 0:02:18]} Ke4 {[%clk 0:02:39]} 72. f8=Q
{[%clk 0:02:27]} Ke3 {[%clk 0:02:48]} 73. Kxh5 {[%clk 0:02:34]} Ke2
{[%clk 0:02:57]} 74. Kg4 {[%clk 0:02:41]} Kd2 {[%clk 0:03:06]} 75. Qe7
{[%clk 0:02:49]} Kd3 {[%clk 0:03:15]} 76. Kf3 {[%clk 0:02:57]} Kc2
{[%clk 0:03:23]} 77. Qd6 {[%clk 0:03:05]} Kb3 {[%clk 0:03:32]} 78. Qc5
{[%clk 0:03:13]} Kb2 {[%clk 0:03:41]} 79. Ke2 {[%clk 0:03:18]} Ka2
{[%clk 0:03:49]} 80. Qb4 {[%clk 0:03:22]} Ka1 {[%clk 0:03:58]} 81. Kd2
{[%clk 0:03:31]} Ka2 {[%clk 0:04:07]} 82. Kc2 {[%clk 0:03:40]} Ka1
{[%clk 0:04:16]} 83. Qb2# {[%clk 0:03:49]} 1-0

[Event "MCRDMZ 2018"]
[Site "Varnsdorf"]
[Date "2018.06.17"]
[Round "5.6"]
[White "Buchtova Viktorie (BSS F-M A)"]
[Black "Stary Vojtech (Polabiny A)"]
[Result "1-0"]
[BlackElo "1290"]
[WhiteElo "1118"]
[LiveChessVersion "1.4.8"]

1. e4 {[%clk 0:25:13]} e5 {[%clk 0:25:19]} 2. Nf3 {[%clk 0:25:21]} Nc6
{[%clk 0:25:27]} 3. d4 {[%clk 0:25:30]} exd4 {[%clk 0:25:33]} 4. Nxd4
{[%clk 0:25:37]} Nf6 {[%clk 0:25:08]} 5. Nc3 {[%clk 0:25:44]} d5 {[%clk 0:24:57]}
6. Bb5 {[%clk 0:25:42]} Bd7 {[%clk 0:24:31]} 7. exd5 {[%clk 0:25:31]} Ne5
{[%clk 0:24:16]} 8. Bxd7+ {[%clk 0:25:05]} Qxd7 {[%clk 0:24:23]} 9. Nf3
{[%clk 0:23:53]} Nxf3+ {[%clk 0:23:06]} 10. Qxf3 {[%clk 0:23:45]} O-O-O
{[%clk 0:23:00]} 11. O-O {[%clk 0:23:31]} Nxd5 {[%clk 0:22:50]} 12. Rd1
{[%clk 0:22:53]} c6 {[%clk 0:22:32]} 13. Ne2 {[%clk 0:20:55]} Qe6
{[%clk 0:22:10]} 14. Nf4 {[%clk 0:19:17]} Qf6 {[%clk 0:19:34]} 15. Qg4+
{[%clk 0:18:23]} Kb8 {[%clk 0:18:58]} 16. Nxd5 {[%clk 0:18:08]} Rxd5
{[%clk 0:18:48]} 17. Rxd5 {[%clk 0:17:13]} cxd5 {[%clk 0:18:55]} 18. Bf4+
{[%clk 0:17:09]} Bd6 {[%clk 0:18:37]} 19. Bxd6+ {[%clk 0:16:32]} Qxd6
{[%clk 0:18:44]} 20. Qxg7 {[%clk 0:16:17]} Re8 {[%clk 0:18:41]} 21. Qxf7
{[%clk 0:15:14]} Qe5 {[%clk 0:18:48]} 22. g3 {[%clk 0:15:13]} Rc8
{[%clk 0:18:17]} 23. Qxh7 {[%clk 0:15:12]} Qxb2 {[%clk 0:18:21]} 24. Re1
{[%clk 0:14:41]} Qxa2 {[%clk 0:17:59]} 25. h4 {[%clk 0:13:29]} Qxc2
{[%clk 0:17:56]} 26. Qxc2 {[%clk 0:13:31]} Rxc2 {[%clk 0:18:04]} 27. Kg2
{[%clk 0:13:27]} a5 {[%clk 0:18:11]} 28. Rh1 {[%clk 0:13:28]} a4 {[%clk 0:18:15]}
29. h5 {[%clk 0:13:37]} Rc8 {[%clk 0:18:18]} 30. h6 {[%clk 0:13:44]} Rh8
{[%clk 0:18:26]} 31. g4 {[%clk 0:13:48]} a3 {[%clk 0:18:34]} 32. g5
{[%clk 0:13:55]} a2 {[%clk 0:18:42]} 33. Ra1 {[%clk 0:13:55]} Rg8
{[%clk 0:18:36]} 34. f4 {[%clk 0:13:58]} d4 {[%clk 0:18:30]} 35. Rxa2
{[%clk 0:14:00]} d3 {[%clk 0:18:33]} 36. h7 {[%clk 0:14:09]} Rh8 {[%clk 0:18:37]}
37. g6 {[%clk 0:14:18]} Rd8 {[%clk 0:18:32]} 38. Kf1 {[%clk 0:13:56]} b5
{[%clk 0:18:37]} 39. g7 {[%clk 0:14:01]} d2 {[%clk 0:18:39]} 40. Rxd2
{[%clk 0:13:54]} Rxd2 {[%clk 0:18:46]} 41. h8=Q+ {[%clk 0:13:54]} Kb7
{[%clk 0:18:52]} 42. g8=Q {[%clk 0:13:51]} Rd1+ {[%clk 0:18:57]} 43. Ke2
{[%clk 0:13:59]} Rd6 {[%clk 0:18:56]} 44. Qb8+ {[%clk 0:13:34]} Kc6
{[%clk 0:19:03]} 45. Qhe8+ {[%clk 0:13:08]} Kd5 {[%clk 0:19:10]} 46. Qbxb5+
{[%clk 0:13:01]} Kd4 {[%clk 0:19:18]} 47. Qe3# {[%clk 0:13:06]} 1-0

[Event "MCRDMZ 2018"]
[Site "Varnsdorf"]
[Date "2018.06.17"]
[Round "5.7"]
[White "Kures Michael (Loko Brno A)"]
[Black "Bjolek Jan (BSS F-M C)"]
[Result "1-0"]
[BlackElo "1588"]
[WhiteElo "1879"]
[LiveChessVersion "1.4.8"]

1. e4 {[%clk 0:25:17]} c6 {[%clk 0:25:19]} 2. d4 {[%clk 0:25:20]} d5
{[%clk 0:25:28]} 3. e5 {[%clk 0:25:15]} Bf5 {[%clk 0:25:37]} 4. f4
{[%clk 0:24:48]} e6 {[%clk 0:25:09]} 5. Bd3 {[%clk 0:24:36]} Bxd3
{[%clk 0:25:13]} 6. Qxd3 {[%clk 0:24:43]} Qc7 {[%clk 0:25:18]} 7. Ne2
{[%clk 0:24:39]} c5 {[%clk 0:25:12]} 8. c3 {[%clk 0:24:39]} Nc6 {[%clk 0:25:11]}
9. a3 {[%clk 0:24:33]} cxd4 {[%clk 0:25:08]} 10. cxd4 {[%clk 0:24:39]} Nge7
{[%clk 0:25:02]} 11. O-O {[%clk 0:24:33]} Nf5 {[%clk 0:24:56]} 12. b4
{[%clk 0:23:39]} Qb6 {[%clk 0:24:46]} 13. Be3 {[%clk 0:23:20]} Nxe3
{[%clk 0:24:19]} 14. Qxe3 {[%clk 0:23:24]} Be7 {[%clk 0:24:23]} 15. Nd2
{[%clk 0:23:29]} O-O-O {[%clk 0:24:05]} 16. Rfc1 {[%clk 0:22:58]} Kb8
{[%clk 0:24:10]} 17. Nb3 {[%clk 0:22:03]} Rc8 {[%clk 0:23:42]} 18. Nc5
{[%clk 0:22:00]} Bxc5 {[%clk 0:23:30]} 19. bxc5 {[%clk 0:22:00]} Qd8
{[%clk 0:23:15]} 20. Rcb1 {[%clk 0:21:57]} Ka8 {[%clk 0:22:48]} 21. a4
{[%clk 0:21:59]} Qa5 {[%clk 0:22:33]} 22. Rb5 {[%clk 0:22:03]} Qc7
{[%clk 0:22:26]} 23. Rab1 {[%clk 0:21:49]} Rb8 {[%clk 0:22:00]} 24. Qd2
{[%clk 0:21:29]} b6 {[%clk 0:21:30]} 25. Rc1 {[%clk 0:20:41]} a6 {[%clk 0:21:10]}
26. cxb6 {[%clk 0:20:04]} Rxb6 {[%clk 0:20:53]} 27. Rbc5 {[%clk 0:20:13]} Qb7
{[%clk 0:20:39]} 28. a5 {[%clk 0:19:19]} Rb2 {[%clk 0:20:25]} 29. Qd1
{[%clk 0:16:52]} Rc8 {[%clk 0:20:14]} 30. Kf1 {[%clk 0:15:41]} Kb8
{[%clk 0:19:51]} 31. Qd3 {[%clk 0:14:48]} Ne7 {[%clk 0:18:57]} 32. Rxc8+
{[%clk 0:12:31]} Nxc8 {[%clk 0:19:06]} 33. Qxh7 {[%clk 0:11:02]} Qb5
{[%clk 0:18:28]} 34. Re1 {[%clk 0:11:08]} Qxa5 {[%clk 0:17:30]} 35. Qxg7
{[%clk 0:11:12]} Rxe2 {[%clk 0:15:47]} 36. Rxe2 {[%clk 0:10:58]} Qa1+
{[%clk 0:15:54]} 37. Re1 {[%clk 0:10:59]} Qxd4 {[%clk 0:16:01]} 38. Qxf7
{[%clk 0:11:01]} Qd3+ {[%clk 0:15:44]} 39. Kg1 {[%clk 0:11:07]} Qd4+
{[%clk 0:15:22]} 40. Kh1 {[%clk 0:11:14]} Qd2 {[%clk 0:15:21]} 41. Rb1+
{[%clk 0:11:19]} 1-0

[Event "MCRDMZ 2018"]
[Site "Varnsdorf"]
[Date "2018.06.17"]
[Round "5.8"]
[White "Trojan Matyas (BSS F-M C)"]
[Black "Hladky Tadeas (Loko Brno A)"]
[Result "1/2-1/2"]
[BlackElo "1659"]
[WhiteElo "1197"]
[LiveChessVersion "1.4.8"]

1. e4 {[%clk 0:25:18]} e5 {[%clk 0:25:18]} 2. Nf3 {[%clk 0:25:26]} Nc6
{[%clk 0:25:24]} 3. Bc4 {[%clk 0:25:34]} Bc5 {[%clk 0:25:31]} 4. d3
{[%clk 0:25:41]} Nf6 {[%clk 0:25:34]} 5. Bg5 {[%clk 0:25:48]} d6 {[%clk 0:25:43]}
6. h3 {[%clk 0:25:56]} Be6 {[%clk 0:25:51]} 7. Bb3 {[%clk 0:26:04]} Qd7
{[%clk 0:25:08]} 8. O-O {[%clk 0:25:58]} O-O-O {[%clk 0:25:06]} 9. Nc3
{[%clk 0:26:00]} h6 {[%clk 0:25:06]} 10. Be3 {[%clk 0:26:03]} Bb6
{[%clk 0:24:51]} 11. Bxb6 {[%clk 0:25:57]} axb6 {[%clk 0:24:42]} 12. d4
{[%clk 0:25:50]} exd4 {[%clk 0:24:21]} 13. Nxd4 {[%clk 0:25:57]} Rde8
{[%clk 0:23:47]} 14. Nxe6 {[%clk 0:25:53]} fxe6 {[%clk 0:23:54]} 15. Re1
{[%clk 0:25:50]} g5 {[%clk 0:23:49]} 16. Ba4 {[%clk 0:25:25]} e5 {[%clk 0:23:07]}
17. Nd5 {[%clk 0:25:03]} Qf7 {[%clk 0:22:36]} 18. Qf3 {[%clk 0:24:45]} Ref8
{[%clk 0:21:51]} 19. Nxf6 {[%clk 0:23:28]} Qxf6 {[%clk 0:21:50]} 20. Qxf6
{[%clk 0:23:35]} Rxf6 {[%clk 0:21:58]} 21. c3 {[%clk 0:23:35]} Rhf8
{[%clk 0:21:47]} 22. f3 {[%clk 0:23:39]} Ne7 {[%clk 0:21:38]} 23. Rad1
{[%clk 0:23:22]} Ng6 {[%clk 0:21:30]} 24. Bc2 {[%clk 0:23:01]} Nf4
{[%clk 0:21:34]} 25. Re3 {[%clk 0:22:47]} h5 {[%clk 0:21:08]} 26. Kh2
{[%clk 0:22:44]} Rg8 {[%clk 0:20:57]} 27. g3 {[%clk 0:22:41]} Ng6
{[%clk 0:20:48]} 28. Rg1 {[%clk 0:22:28]} Rgf8 {[%clk 0:20:25]} 29. Bd1
{[%clk 0:22:31]} Kd8 {[%clk 0:16:47]} 30. Rf1 {[%clk 0:17:34]} g4
{[%clk 0:15:37]} 31. h4 {[%clk 0:16:04]} Ne7 {[%clk 0:14:46]} 32. Rd3
{[%clk 0:14:29]} Nc6 {[%clk 0:14:15]} 33. Kg2 {[%clk 0:13:53]} Na5
{[%clk 0:13:21]} 34. b3 {[%clk 0:13:50]} Nc6 {[%clk 0:12:35]} 35. Re1
{[%clk 0:11:46]} b5 {[%clk 0:11:37]} 36. Ree3 {[%clk 0:11:38]} b4
{[%clk 0:11:08]} 37. cxb4 {[%clk 0:09:57]} Nxb4 {[%clk 0:11:16]} 38. Rd2
{[%clk 0:10:04]} Rg6 {[%clk 0:10:23]} 39. fxg4 {[%clk 0:08:59]} hxg4
{[%clk 0:10:20]} 40. Ree2 {[%clk 0:08:59]} Rgf6 {[%clk 0:09:47]} 41. Rf2
{[%clk 0:08:54]} Rxf2+ {[%clk 0:09:53]} 42. Rxf2 {[%clk 0:09:03]} Rxf2+
{[%clk 0:10:00]} 43. Kxf2 {[%clk 0:09:12]} Nxa2 {[%clk 0:10:08]} 44. Bxg4
{[%clk 0:09:19]} Nc1 {[%clk 0:10:07]} 45. Bd1 {[%clk 0:09:23]} c5
{[%clk 0:09:47]} 46. g4 {[%clk 0:09:23]} Ke7 {[%clk 0:09:51]} 47. g5
{[%clk 0:09:25]} b5 {[%clk 0:09:59]} 48. h5 {[%clk 0:09:23]} Kf7 {[%clk 0:10:00]}
49. g6+ {[%clk 0:09:15]} Kg7 {[%clk 0:10:01]} 50. Ke3 {[%clk 0:09:21]} Na2
{[%clk 0:09:16]} 51. Kd2 {[%clk 0:09:13]} Nb4 {[%clk 0:07:22]} 52. Be2
{[%clk 0:08:58]} Nc6 {[%clk 0:07:17]} 53. Bxb5 {[%clk 0:09:02]} Ne7
{[%clk 0:06:58]} 54. Kc3 {[%clk 0:08:59]} Ng8 {[%clk 0:06:24]} 55. Bc6
{[%clk 0:08:37]} Nf6 {[%clk 0:06:29]} 56. Bd5 {[%clk 0:08:29]} Nxh5
{[%clk 0:06:32]} 57. Bf7 {[%clk 0:08:33]} Nf6 {[%clk 0:05:47]} 58. Kd3
{[%clk 0:08:33]} Kf8 {[%clk 0:05:19]} 59. Ke3 {[%clk 0:08:22]} Ng4+
{[%clk 0:04:46]} 60. Kd3 {[%clk 0:08:19]} Nh6 {[%clk 0:04:22]} 61. Be6
{[%clk 0:08:06]} Ke7 {[%clk 0:03:56]} 62. Bf5 {[%clk 0:08:14]} Nxf5
{[%clk 0:03:02]} 63. exf5 {[%clk 0:08:22]} d5 {[%clk 0:03:11]} 64. g7
{[%clk 0:07:38]} Kf7 {[%clk 0:03:18]} 65. f6 {[%clk 0:07:47]} Kg8
{[%clk 0:03:23]} 66. Ke3 {[%clk 0:07:52]} c4 {[%clk 0:01:42]} 67. bxc4
{[%clk 0:07:21]} dxc4 {[%clk 0:01:50]} 68. Ke4 {[%clk 0:07:21]} Kf7
{[%clk 0:01:53]} 69. Kxe5 {[%clk 0:05:26]} c3 {[%clk 0:02:01]} 70. Kd6
{[%clk 0:05:35]} c2 {[%clk 0:02:09]} 71. g8=Q+ {[%clk 0:05:42]} Kxg8
{[%clk 0:02:17]} 72. Ke7 {[%clk 0:05:49]} c1=Q {[%clk 0:01:42]} 73. f7+
{[%clk 0:05:56]} Kh7 {[%clk 0:01:44]} 74. f8=Q {[%clk 0:06:04]} Qe3+
{[%clk 0:01:32]} 75. Kd7 {[%clk 0:06:04]} Qa7+ {[%clk 0:01:08]} 76. Ke6
{[%clk 0:06:09]} 1/2-1/2

[Event "MCRDMZ 2018"]
[Site "Varnsdorf"]
[Date "2018.06.17"]
[Round "5.9"]
[White "Mohapl Tomas (Loko Brno A)"]
[Black "Matusik Ondrej (BSS F-M C)"]
[Result "1-0"]
[BlackElo "1448"]
[WhiteElo "1563"]
[LiveChessVersion "1.4.8"]

1. e4 {[%clk 0:25:18]} c5 {[%clk 0:25:17]} 2. Nf3 {[%clk 0:25:25]} Nc6
{[%clk 0:25:21]} 3. d4 {[%clk 0:25:27]} cxd4 {[%clk 0:25:17]} 4. Nxd4
{[%clk 0:25:27]} Nf6 {[%clk 0:25:10]} 5. Nc3 {[%clk 0:24:37]} e6 {[%clk 0:24:25]}
6. Nxc6 {[%clk 0:23:40]} bxc6 {[%clk 0:24:30]} 7. Bd3 {[%clk 0:22:29]} Bb4
{[%clk 0:24:10]} 8. Bg5 {[%clk 0:20:35]} O-O {[%clk 0:23:25]} 9. e5
{[%clk 0:19:37]} h6 {[%clk 0:12:21]} 10. Bxf6 {[%clk 0:16:39]} gxf6
{[%clk 0:12:27]} 11. Qg4+ {[%clk 0:16:46]} Kh8 {[%clk 0:12:24]} 12. Qxb4
{[%clk 0:16:45]} fxe5 {[%clk 0:12:08]} 13. Qe4 {[%clk 0:16:25]} f5
{[%clk 0:11:53]} 14. Qxe5+ {[%clk 0:16:11]} Qf6 {[%clk 0:11:26]} 15. Qxf6+
{[%clk 0:16:00]} Rxf6 {[%clk 0:11:34]} 16. O-O-O {[%clk 0:15:48]} d5
{[%clk 0:11:36]} 17. Na4 {[%clk 0:15:11]} Rg6 {[%clk 0:11:02]} 18. Rhg1
{[%clk 0:14:57]} Rg4 {[%clk 0:09:04]} 19. Nc3 {[%clk 0:13:43]} Rb8
{[%clk 0:08:37]} 20. h3 {[%clk 0:13:17]} Rg7 {[%clk 0:08:43]} 21. g4
{[%clk 0:13:01]} fxg4 {[%clk 0:05:54]} 22. Rxg4 {[%clk 0:12:36]} Rxg4
{[%clk 0:05:45]} 23. hxg4 {[%clk 0:12:44]} e5 {[%clk 0:05:52]} 24. f3
{[%clk 0:12:16]} Kg7 {[%clk 0:05:01]} 25. Rh1 {[%clk 0:11:53]} a5
{[%clk 0:03:55]} 26. Rh5 {[%clk 0:11:30]} e4 {[%clk 0:03:39]} 27. fxe4
{[%clk 0:11:12]} Bxg4 {[%clk 0:03:29]} 28. Rh1 {[%clk 0:10:54]} Bf3
{[%clk 0:03:25]} 29. Rg1+ {[%clk 0:10:52]} Kh8 {[%clk 0:03:32]} 30. exd5
{[%clk 0:10:48]} Bxd5 {[%clk 0:03:25]} 31. Nxd5 {[%clk 0:10:53]} cxd5
{[%clk 0:03:33]} 32. Rg6 {[%clk 0:10:56]} h5 {[%clk 0:03:19]} 33. Rh6+
{[%clk 0:10:46]} Kg7 {[%clk 0:03:23]} 34. Rxh5 {[%clk 0:10:53]} Rd8
{[%clk 0:03:30]} 35. Rf5 {[%clk 0:10:49]} Kg8 {[%clk 0:03:27]} 36. Rxd5
{[%clk 0:10:47]} Rxd5 {[%clk 0:03:24]} 37. Bc4 {[%clk 0:10:55]} Kf8
{[%clk 0:03:32]} 38. Bxd5 {[%clk 0:11:03]} Ke8 {[%clk 0:03:38]} 39. Kd2
{[%clk 0:11:10]} Kd7 {[%clk 0:03:46]} 40. Kc3 {[%clk 0:11:16]} Kd6
{[%clk 0:03:54]} 41. Kc4 {[%clk 0:11:22]} Kc7 {[%clk 0:04:00]} 42. Kb5
{[%clk 0:11:28]} Kd6 {[%clk 0:04:08]} 43. Kxa5 {[%clk 0:11:34]} Kxd5
{[%clk 0:04:14]} 44. Kb5 {[%clk 0:11:41]} Kd6 {[%clk 0:04:22]} 45. Kb6
{[%clk 0:11:48]} Kd7 {[%clk 0:04:29]} 46. Kb7 {[%clk 0:11:56]} Kd8
{[%clk 0:04:36]} 47. a4 {[%clk 0:12:05]} Kd7 {[%clk 0:04:43]} 48. a5
{[%clk 0:12:14]} Kd6 {[%clk 0:04:47]} 49. a6 {[%clk 0:12:23]} Kd7
{[%clk 0:04:55]} 50. a7 {[%clk 0:12:32]} Kd6 {[%clk 0:05:02]} 51. a8=Q
{[%clk 0:12:39]} Kd7 {[%clk 0:05:09]} 52. Qc8+ {[%clk 0:12:45]} Kd6
{[%clk 0:05:18]} 53. Ka8 {[%clk 0:12:54]} Kd5 {[%clk 0:05:25]} 54. b3
{[%clk 0:13:02]} Kd4 {[%clk 0:05:32]} 55. b4 {[%clk 0:13:12]} Ke3
{[%clk 0:05:39]} 56. Qd8 {[%clk 0:13:19]} Kf2 {[%clk 0:05:47]} 57. Qe8
{[%clk 0:13:28]} Kg3 {[%clk 0:05:54]} 58. Qf8 {[%clk 0:13:37]} Kh4
{[%clk 0:06:02]} 59. Qg8 {[%clk 0:13:45]} Kh5 {[%clk 0:06:10]} 60. Qg7
{[%clk 0:13:54]} Kh4 {[%clk 0:06:18]} 61. b5 {[%clk 0:14:02]} Kh3
{[%clk 0:06:25]} 62. b6 {[%clk 0:14:11]} Kh4 {[%clk 0:06:33]} 63. b7
{[%clk 0:14:19]} Kh5 {[%clk 0:06:40]} 64. b8=Q {[%clk 0:14:24]} Kh4
{[%clk 0:06:46]} 65. Qbh8# 1-0

[Event "MCRDMZ 2018"]
[Site "Varnsdorf"]
[Date "2018.06.17"]
[Round "5.10"]
[White "Szuscikova Natalie (BSS F-M C)"]
[Black "Ulcak Michael (Loko Brno A)"]
[Result "0-1"]
[BlackElo "1551"]
[WhiteElo "1398"]
[LiveChessVersion "1.4.8"]

1. e4 {[%clk 0:25:18]} e5 {[%clk 0:25:19]} 2. Nf3 {[%clk 0:25:27]} Nc6
{[%clk 0:25:28]} 3. d4 {[%clk 0:25:36]} exd4 {[%clk 0:25:37]} 4. Bc4
{[%clk 0:25:46]} Nf6 {[%clk 0:25:45]} 5. O-O {[%clk 0:25:54]} Nxe4
{[%clk 0:25:44]} 6. Re1 {[%clk 0:26:00]} d5 {[%clk 0:25:52]} 7. Bxd5
{[%clk 0:26:07]} Qxd5 {[%clk 0:26:00]} 8. Nc3 {[%clk 0:26:15]} Qh5
{[%clk 0:26:02]} 9. Nxe4 {[%clk 0:23:24]} Be6 {[%clk 0:26:06]} 10. Neg5
{[%clk 0:21:53]} O-O-O {[%clk 0:26:10]} 11. Nxe6 {[%clk 0:21:09]} fxe6
{[%clk 0:26:14]} 12. Rxe6 {[%clk 0:20:03]} Bd6 {[%clk 0:26:16]} 13. h3
{[%clk 0:15:15]} Rhf8 {[%clk 0:25:14]} 14. Re1 {[%clk 0:14:33]} h6
{[%clk 0:24:21]} 15. b3 {[%clk 0:07:01]} Ne5 {[%clk 0:22:47]} 16. Nxe5
{[%clk 0:05:14]} Qxd1 {[%clk 0:22:52]} 17. Rxd1 {[%clk 0:05:09]} Bxe5
{[%clk 0:23:01]} 18. Bb2 {[%clk 0:04:56]} Rfe8 {[%clk 0:22:43]} 19. Rd2
{[%clk 0:04:07]} c5 {[%clk 0:21:32]} 20. Ba3 {[%clk 0:03:05]} d3 {[%clk 0:15:30]}
21. Rc1 {[%clk 0:02:07]} Bf4 {[%clk 0:14:33]} 22. Rcd1 {[%clk 0:01:20]} Bxd2
{[%clk 0:13:57]} 23. Rxd2 {[%clk 0:01:28]} Re2 {[%clk 0:12:59]} 24. Rxd3
{[%clk 0:00:54]} Rxd3 {[%clk 0:13:07]} 25. cxd3 {[%clk 0:01:03]} b6
{[%clk 0:13:15]} 26. Bc1 {[%clk 0:00:58]} Re1+ {[%clk 0:13:23]} 0-1

[Event "MCRDMZ 2018"]
[Site "Varnsdorf"]
[Date "2018.06.17"]
[Round "5.11"]
[White "Hladky Mikulas (Loko Brno A)"]
[Black "Farek Vojtech (BSS F-M C)"]
[Result "0-1"]
[BlackElo "1221"]
[WhiteElo "1242"]
[LiveChessVersion "1.4.8"]

1. e4 {[%clk 0:25:17]} e5 {[%clk 0:25:20]} 2. f4 {[%clk 0:25:25]} exf4
{[%clk 0:25:27]} 3. Nf3 {[%clk 0:25:33]} Nf6 {[%clk 0:25:31]} 4. e5
{[%clk 0:25:40]} Nd5 {[%clk 0:25:37]} 5. Bc4 {[%clk 0:25:45]} Nb6
{[%clk 0:25:27]} 6. Bb3 {[%clk 0:25:51]} Bc5 {[%clk 0:25:29]} 7. d4
{[%clk 0:25:55]} Be7 {[%clk 0:25:28]} 8. Nc3 {[%clk 0:26:03]} O-O
{[%clk 0:25:34]} 9. Bxf4 {[%clk 0:26:10]} d6 {[%clk 0:25:11]} 10. exd6
{[%clk 0:26:14]} Bxd6 {[%clk 0:25:18]} 11. Bxd6 {[%clk 0:26:16]} Qxd6
{[%clk 0:25:18]} 12. O-O {[%clk 0:26:21]} Qg6 {[%clk 0:25:19]} 13. Kh1
{[%clk 0:26:02]} Nc6 {[%clk 0:25:19]} 14. Qd3 {[%clk 0:26:08]} Bf5
{[%clk 0:24:49]} 15. Qd2 {[%clk 0:26:08]} Kh8 {[%clk 0:24:08]} 16. Qf4
{[%clk 0:26:13]} Rac8 {[%clk 0:23:36]} 17. Nd5 {[%clk 0:26:11]} Nxd5
{[%clk 0:23:22]} 18. Bxd5 {[%clk 0:26:17]} b6 {[%clk 0:22:13]} 19. Bxc6
{[%clk 0:26:18]} Qxc6 {[%clk 0:22:10]} 20. c3 {[%clk 0:26:24]} Bg6
{[%clk 0:21:33]} 21. Ne5 {[%clk 0:26:15]} Qa8 {[%clk 0:17:51]} 22. Nxg6+
{[%clk 0:26:15]} fxg6 {[%clk 0:17:59]} 23. Qg3 {[%clk 0:26:19]} Qc6
{[%clk 0:17:22]} 24. Rae1 {[%clk 0:25:50]} Qb5 {[%clk 0:17:20]} 25. Kg1
{[%clk 0:25:32]} Qxb2 {[%clk 0:17:13]} 26. Rxf8+ {[%clk 0:25:37]} Rxf8
{[%clk 0:17:21]} 27. h3 {[%clk 0:25:36]} Qxa2 {[%clk 0:17:19]} 28. Kh2
{[%clk 0:25:41]} Qa3 {[%clk 0:17:12]} 29. Qxc7 {[%clk 0:25:40]} h6
{[%clk 0:16:43]} 30. Re7 {[%clk 0:25:24]} Rg8 {[%clk 0:16:37]} 31. d5
{[%clk 0:25:19]} a5 {[%clk 0:15:45]} 32. d6 {[%clk 0:25:26]} b5 {[%clk 0:15:03]}
33. Re6 {[%clk 0:25:29]} Qb3 {[%clk 0:13:59]} 34. Re1 {[%clk 0:25:30]} Qc4
{[%clk 0:13:20]} 35. Qe7 {[%clk 0:25:19]} Qf4+ {[%clk 0:13:03]} 36. Kh1
{[%clk 0:25:26]} Qf8 {[%clk 0:12:50]} 37. Qc7 {[%clk 0:25:01]} Qd8
{[%clk 0:12:36]} 38. Qc5 {[%clk 0:25:07]} Kh7 {[%clk 0:11:23]} 39. Rd1
{[%clk 0:25:01]} Qd7 {[%clk 0:11:17]} 40. c4 {[%clk 0:24:40]} Rb8
{[%clk 0:11:06]} 41. cxb5 {[%clk 0:24:19]} Rxb5 {[%clk 0:11:10]} 42. Qxb5
{[%clk 0:24:00]} Qxb5 {[%clk 0:11:08]} 43. d7 {[%clk 0:24:06]} a4
{[%clk 0:09:33]} 44. d8=Q {[%clk 0:24:02]} a3 {[%clk 0:09:37]} 45. Ra1
{[%clk 0:23:59]} Qb2 {[%clk 0:09:45]} 46. Rg1 {[%clk 0:23:46]} a2
{[%clk 0:09:30]} 47. Qa8 {[%clk 0:23:53]} g5 {[%clk 0:09:25]} 48. Qe4+
{[%clk 0:23:26]} Kh8 {[%clk 0:08:45]} 49. Qe1 {[%clk 0:23:30]} g4
{[%clk 0:08:28]} 50. hxg4 {[%clk 0:23:35]} h5 {[%clk 0:06:48]} 51. gxh5
{[%clk 0:23:36]} Qf6 {[%clk 0:06:21]} 0-1